000 00318nam a22001337a 4500
008 171023b xxu||||| |||| 00| 0 eng d
020 _a9780131862142
041 _aeng
080 _22ND
_a338
100 _a54
101 _aMEN
245 _aPRODUCTION PLANNING AND INVENTORY CONTROL
_cNARASIMHAN,S
942 _2udc
_cBK
999 _c35356
_d35356